|
|
|
|
| LEADER |
00000nas a2200000 i 4500 |
| 001 |
ssj0000605728 |
| 003 |
WaSeSS |
| 005 |
20200512172242.0 |
| 006 |
m d |
| 007 |
cr n |
| 008 |
101115c20119999nz x p s 0 a0eng c |
| 010 |
|
|
|a 2013247782
|
| 016 |
7 |
|
|a 101615946
|2 DNLM
|
| 022 |
|
|
|a 2230-2298
|l 2230-2298
|
| 035 |
|
|
|a (WaSeSS)ssj0000605728
|
| 040 |
|
|
|a NZ1
|b eng
|e pn
|c NZ1
|d CUS
|d PFM
|d OCLCO
|d CUD
|d OCLCQ
|d OCLCF
|d OCLCO
|d EUW
|d OCLCQ
|d NLM
|d OCLCQ
|d OCLCO
|d OCLCA
|d UAB
|d WaSeSS
|
| 042 |
|
|
|a pcc
|
| 050 |
1 |
4 |
|a RM281
|
| 060 |
0 |
0 |
|a W1
|
| 082 |
0 |
4 |
|a 615.37205
|2 22
|
| 130 |
0 |
|
|a Vaccine (Auckland, N.Z.)
|
| 210 |
1 |
0 |
|a Vaccine (Auckl)
|2 dnlm
|
| 210 |
1 |
|
|a Vaccine
|b (Auckl.)
|
| 222 |
|
0 |
|a Vaccine
|b (Auckland)
|
| 245 |
1 |
0 |
|a Vaccine
|h [electronic resource] :
|b development and therapy.
|
| 246 |
1 |
|
|a Development and therapy
|
| 246 |
1 |
|
|i Title in HTML header:
|a Journal of vaccine, development and therapy
|
| 260 |
|
|
|a [Auckland, N.Z]. :
|b Dovepress,
|c [2011]-
|
| 310 |
|
|
|a Irregular
|
| 362 |
1 |
|
|a Began with Volume 1 (2011).
|
| 506 |
|
|
|a License restrictions may limit access.
|
| 515 |
|
|
|a Articles added irregularly during the year and collected into annual issues.
|
| 588 |
|
|
|a Description based on: Volume 1 (2011); title from journal home page (publisher's Web site, viewed on May 18, 2011).
|
| 588 |
|
|
|a Latest issue consulted: 6 (2016) (viewed July 27, 2016).
|
| 650 |
|
0 |
|a Vaccines
|v Periodicals.
|
| 650 |
1 |
2 |
|a Vaccines.
|
| 650 |
|
7 |
|a Vaccines.
|2 fast
|0 (OCoLC)fst01163573
|
| 650 |
|
4 |
|a Vaccines
|v Periodicals.
|
| 655 |
|
0 |
|a Electronic journals.
|
| 856 |
4 |
0 |
|z Full text available from Research Library: 01/01/2011 to 01/31/2016
|u https://search.proquest.com/publication/3933270
|